| 000 | 01056nam a2200253 i 4500 | ||
|---|---|---|---|
| 001 | 190356 | ||
| 003 | SpMaBN | ||
| 005 | 20240410102533.0 | ||
| 008 | 201111s1977 sp |||| | spa d | ||
| 080 | _a800.732(043.2) | ||
| 100 | 1 |
_aBuxó Rey, María Jesús. _932987 |
|
| 245 | 1 | 0 |
_aAntropología del bilingüismo, multilingüismo y variantes funcionales de un código / _cMaría Jesús Buxó Rey. |
| 260 |
_aBarcelona : _bUniversidad de Barcelona, [Facultad de Geografía e Historia], _c1977. |
||
| 300 |
_a13 p. ; _c24 cm. |
||
| 502 | _aTesis-Univ. Barcelona (Extracto) | ||
| 594 | _aPrecede al tít.: Universidad de Barcelona. Secretariado de Publicaciones, Intercambio Científico y Extensión Universitaria. | ||
| 650 | 4 |
_aBilingüismo. _910564 |
|
| 650 | 4 |
_aMultilingüismo. _9170754 |
|
| 655 |
_aTesis y escritos académicos _9226867 |
||
| 710 | 2 |
_aUniversidad de Barcelona. _bFacultad de Geografía e Historia. _9174512 |
|
| 852 | 4 |
_aES-MaACL _jP-1415 (108) _9197564 _bR.68610 _cDEPO2 |
|
| 942 | _2udc | ||
| 999 |
_c190356 _d190356 |
||